Normal view
MARC view
- الذكاء العاطفي-التعليم-الادارة التربوية-الاردن
Entry Topical Term
001 - CONTROL NUMBER
- control field: 63316
003 - CONTROL NUMBER IDENTIFIER
- control field: JO-AjAnu
005 - DATE AND TIME OF LATEST TRANSACTION
- control field: 20230606084333.0
008 - FIXED-LENGTH DATA ELEMENTS
- fixed length control field: 230606|| aca||aabn | a|a d
040 ## - CATALOGING SOURCE
- Original cataloging agency: JO-AjAnu
- Transcribing agency: JO-AjAnu
150 ## - HEADING--TOPICAL TERM
- Topical term or geographic name entry element: الذكاء العاطفي-التعليم-الادارة التربوية-الاردن
670 ## - SOURCE DATA FOUND
- Source citation: Work cat.: (JO-AjAnu)32280: اعداد الشبول، لبنى محمود؛ اشراف نايف علي وحشه, author 63315, مستوى الذكاء العاطفي لدى معلمي غرف المصادر من وجهة نظرهم في محافظة اربد = The Level of Emotional Intelligence Among Resource Rooms Teachers from Their Point of View in Irbid Governorate